[Event "Verbandsliga Nordbaden 1415"]
[Site "Baden"]
[Date "2014.10.12"]
[Round "1.1"]
[White "Chernov, Vadim A"]
[Black "Toews, Manuel"]
[Result "1/2-1/2"]
[WhiteElo "2437"]
[BlackElo "2062"]
[PlyCount "92"]
[EventDate "2014.10.12"]
[EventType "team-tourn"]
[EventRounds "9"]
[EventCountry "GER"]
[SourceTitle "EXT 2022"]
[Source "ChessBase"]
[SourceDate "2021.10.06"]
[SourceVersion "1"]
[SourceVersionDate "2021.10.06"]
[SourceQuality "1"]
[WhiteTeam "Ladenburg"]
[BlackTeam "Buchen II"]
[WhiteTeamCountry "GER"]
[BlackTeamCountry "GER"]

1. e4 c5 2. Nc3 Nc6 3. Bb5 g6 4. Bxc6 dxc6 5. d3 Bg7 6. Be3 b6 7. Qd2 e5 8. Nge2 Nf6 9. Bh6 0-0 10. Bxg7 Kxg7 11. 0-0 Nh5 12. f4 f6 13. fxe5 fxe5 14. Rxf8 Qxf8 15. Rf1 Qe7 16. Nd1 Be6 17. Ne3 Rf8 18. Rxf8 Qxf8 19. a4 Nf4 20. b3 Nxe2+ 21. Qxe2 Qf4 22. g3 Qg5 23. Kf2 h5 24. Ke1 Qf6 25. Kd2 Kf7 26. Kc3 Ke7 27. Kb2 Kd6 28. Qd2 a5 29. Ka2 Kc7 30. Qc3 Kd6 31. Qd2 Kc7 32. Nd1 g5 33. Nb2 h4 34. Qe3 hxg3 35. hxg3 g4 36. Nd1 Qf1 37. Nc3 Qg2 38. Kb2 Kd6 39. Nd1 Qf1 40. Kc1 Qg2 41. Qf2 Qxf2 42. Nxf2 b5 43. Kd2 b4 44. Nd1 Kd7 45. Ne3 Ke7 46. Ng2 Kf6 1/2-1/2

[Event "Deizisau op 7th"]
[Site "Deizisau"]
[Date "2012.10.29"]
[Round "6"]
[White "Toews, Manuel"]
[Black "Bodrozic, Tomislav"]
[Result "0-1"]
[WhiteElo "2053"]
[BlackElo "2256"]
[PlyCount "168"]
[EventDate "2012.10.27"]
[EventType "swiss"]
[EventRounds "7"]
[EventCountry "GER"]
[SourceTitle "EXT 2013"]
[Source "ChessBase"]
[SourceDate "2012.11.22"]
[SourceVersion "1"]
[SourceVersionDate "2012.11.22"]
[SourceQuality "1"]

1. e4 d5 2. exd5 Qxd5 3. Nc3 Qd6 4. Bc4 Nf6 5. d4 c6 6. Nge2 Bf5 7. Bf4 Qb4 8. Bb3 e6 9. Qd2 Na6 10. a3 Qa5 11. Ne4 Qxd2+ 12. Nxd2 0-0-0 13. Nf3 Nd5 14. Bg3 Be7 15. 0-0-0 Nac7 16. Bc4 h5 17. Bd3 Bxd3 18. Rxd3 Nf6 19. Ne5 Rdf8 20. f3 h4 21. Bf2 Ncd5 22. c4 Nb6 23. Kc2 Nfd7 24. Nxd7 Nxd7 25. Nc3 Rh5 26. Rd2 Bd6 27. h3 Kb8 28. Re1 Rc8 29. Kb3 a6 30. d5 Bf4 31. Be3 Bg3 32. Red1 cxd5 33. cxd5 e5 34. Ne4 f6 35. Nd6 Rd8 36. Rc2 Bf4 37. Bg1 Rh7 38. Nc4 g6 39. Nb6 Nxb6 40. Bxb6 Re8 41. d6 Rd7 42. Rc7 Red8 43. Rxd7 Rxd7 44. Bc7+ Kc8 45. Kc4 Rh7 46. Kd5 Kd7 47. Rd3 Rh5 48. Rb3 b5 49. Rd3 Rg5 50. Rc3 Rxg2 51. Bb8 Rd2+ 52. Kc5 e4 53. fxe4 Bxd6+ 54. Bxd6 Rxd6 55. Rf3 Rc6+ 56. Kd5 Rd6+ 57. Kc5 Re6 58. Kd5 Re5+ 59. Kd4 Ke6 60. Rc3 Kd6 61. Rf3 f5 62. exf5 Rxf5 63. Rc3 g5 64. Rc8 Rf3 65. Rg8 Rg3 66. Rg6+ Ke7 67. Ke5 Kf7 68. Rxa6 Rxh3 69. Kf5 Rg3 70. Rb6 h3 71. Rxb5 h2 72. Rb7+ Ke8 73. Rh7 Rg2 74. a4 g4 75. a5 g3 76. a6 Rxb2 77. Kf4 g2 78. a7 Ra2 79. Rxh2 Ra4+ 80. Ke5 g1Q 81. a8Q+ Rxa8 82. Rh8+ Kf7 83. Rxa8 Qc5+ 84. Kf4 Qd4+ 0-1

[Event "Pfalz op 03rd"]
[Site "Neustadt an der Weinstrasse"]
[Date "2012.03.03"]
[Round "7"]
[White "Haselhorst, Helmut"]
[Black "Toews, Manuel"]
[Result "1/2-1/2"]
[WhiteElo "2119"]
[BlackElo "2009"]
[PlyCount "75"]
[EventDate "2012.02.17"]
[EventType "swiss"]
[EventRounds "9"]
[EventCountry "GER"]
[SourceTitle "EXT 2013"]
[Source "ChessBase"]
[SourceDate "2012.11.22"]
[SourceVersion "1"]
[SourceVersionDate "2012.11.22"]
[SourceQuality "1"]

1. d4 d5 2. Nf3 Nf6 3. c4 c6 4. Nc3 e6 5. e3 Nbd7 6. Bd3 dxc4 7. Bxc4 b5 8. Bd3 a6 9. e4 c5 10. d5 Qc7 11. dxe6 fxe6 12. 0-0 Be7 13. Qe2 Bb7 14. Bg5 c4 15. Bc2 Nc5 16. Rad1 0-0 17. Rfe1 Nh5 18. g3 Nf6 19. Nd4 Rad8 20. e5 Rxd4 21. Rxd4 Qc6 22. f3 Nd3 23. Rxd3 Ng4 24. Bxe7 cxd3 25. Qxd3 Qb6+ 26. Re3 Qxe3+ 27. Qxe3 Nxe3 28. Bxf8 Nxc2 29. Bc5 Ne1 30. f4 Nd3 31. b4 Kf7 32. Bd6 Bf3 33. Kf1 g6 34. Ne2 h5 35. Nd4 Bd5 36. a3 Nb2 37. Ke2 Nc4 38. Bc5 1/2-1/2

[Event "GER-chT Lands U21"]
[Site "Xanten"]
[Date "2011.11.01"]
[Round "4.5"]
[White "Toews, Manuel"]
[Black "Wegner, Florian"]
[Result "1-0"]
[WhiteElo "1919"]
[BlackElo "1660"]
[PlyCount "73"]
[EventDate "2011.10.31"]
[EventType "team-swiss"]
[EventRounds "7"]
[EventCountry "GER"]
[SourceTitle "EXT 2022"]
[Source "ChessBase"]
[SourceDate "2021.10.06"]
[SourceVersion "1"]
[SourceVersionDate "2021.10.06"]
[SourceQuality "1"]
[WhiteTeam "Baden U21"]
[BlackTeam "Schleswig Holstein/NDS U21"]
[WhiteTeamCountry "GER"]
[BlackTeamCountry "GER"]

1. e4 d6 2. d4 Nf6 3. Nc3 Nbd7 4. Nf3 e5 5. Bc4 Be7 6. 0-0 0-0 7. Re1 c6 8. a4 b6 9. d5 Bb7 10. b3 a6 11. Ba3 cxd5 12. Nxd5 Nxd5 13. Bxd5 Bxd5 14. Qxd5 Nf6 15. Qd3 Qc7 16. Rad1 Rfd8 17. c4 Bf8 18. Nd2 Rab8 19. Nf1 Qc6 20. f3 b5 21. axb5 axb5 22. Ne3 Qb6 23. b4 bxc4 24. Qxc4 d5 25. exd5 Bxb4 26. Bxb4 Qxb4 27. Qxb4 Rxb4 28. Nf5 e4 29. Ne7+ Kf8 30. Nc6 Rbb8 31. fxe4 Rbc8 32. Nxd8 Rxd8 33. Kf2 Ke7 34. Kf3 g5 35. Ra1 h6 36. Ra7+ Ke8 37. Rb1 1-0

[Event "EU Union-ch U14 9th"]
[Site "Mureck"]
[Date "2011.08.10"]
[Round "8"]
[White "Vicas, Marijus"]
[Black "Toews, Manuel"]
[Result "1-0"]
[WhiteElo "1943"]
[BlackElo "1956"]
[PlyCount "107"]
[EventDate "2011.08.03"]
[EventType "swiss"]
[EventRounds "9"]
[EventCountry "AUT"]
[SourceTitle "CBM 143 Extra"]
[Source "ChessBase"]
[SourceDate "2011.08.29"]
[SourceVersion "1"]
[SourceVersionDate "2011.08.29"]
[SourceQuality "1"]

1. e4 c5 2. Nc3 Nc6 3. f4 e6 4. Nf3 d5 5. exd5 exd5 6. Bb5 a6 7. Qe2+ Be7 8. Bxc6+ bxc6 9. Ne5 Qc7 10. 0-0 Nf6 11. d3 0-0 12. Bd2 Bd6 13. Rae1 Re8 14. Qf3 Be6 15. h3 Nd7 16. Qg3 f6 17. Ng4 f5 18. Ne5 d4 19. Na4 Rab8 20. b3 Bd5 21. c4 dxc3 22. Bxc3 Re6 23. Re2 Nf6 24. Qg5 g6 25. Rfe1 Rbe8 26. Nxg6 Qg7 27. Rxe6 Rxe6 28. Rxe6 Bxe6 29. Qxf6 Qxf6 30. Bxf6 hxg6 31. Be5 Be7 32. Kf2 Kf7 33. Bc7 Bf6 34. Bd6 Bd4+ 35. Kg3 Bd5 36. Bxc5 Bf6 37. Bd6 Bd4 38. Be5 Be3 39. Nc3 Be6 40. Kf3 Bd2 41. Ne2 Bd5+ 42. Kf2 Ke7 43. Bc3 Bxc3 44. Nxc3 Be6 45. Ke3 Kd6 46. Kd4 c5+ 47. Ke3 Bd7 48. Nb1 Bc6 49. g3 Bg2 50. h4 Bc6 51. Nd2 Kd5 52. Nc4 Bb5 53. Ne5 Be8 54. a3 1-0

[Event "EU Union-ch U14 9th"]
[Site "Mureck"]
[Date "2011.08.08"]
[Round "6"]
[White "Toews, Manuel"]
[Black "Petr, Jan1111"]
[Result "0-1"]
[WhiteElo "1956"]
[BlackElo "1944"]
[PlyCount "62"]
[EventDate "2011.08.03"]
[EventType "swiss"]
[EventRounds "9"]
[EventCountry "AUT"]
[SourceTitle "CBM 143 Extra"]
[Source "ChessBase"]
[SourceDate "2011.08.29"]
[SourceVersion "1"]
[SourceVersionDate "2011.08.29"]
[SourceQuality "1"]

1. e4 e5 2. Nf3 Nc6 3. Bb5 a6 4. Ba4 Nf6 5. 0-0 Be7 6. Re1 b5 7. Bb3 0-0 8. a4 Bb7 9. d3 d6 10. c3 Nd7 11. axb5 axb5 12. Rxa8 Bxa8 13. Nbd2 Kh8 14. d4 f5 15. exf5 Rxf5 16. Be6 Rf8 17. d5 Nc5 18. Bh3 Nb8 19. Ne4 Nxe4 20. Rxe4 Nd7 21. Rb4 c6 22. Bg5 Bxg5 23. Nxg5 Qxg5 24. Bxd7 cxd5 25. Rg4 Qf6 26. Qf1 d4 27. cxd4 e4 28. Bxb5 Qxd4 29. Qe2 d5 30. h3 Qc5 31. Rg5 Qc1+ 0-1

[Event "Rheinland Pfalz op 3rd"]
[Site "Gau Algesheim"]
[Date "2011.07.28"]
[Round "1"]
[White "Toews, Manuel"]
[Black "Denzer, Johannes"]
[Result "1-0"]
[WhiteElo "1956"]
[BlackElo "1450"]
[PlyCount "53"]
[EventDate "2011.07.28"]
[EventType "swiss"]
[EventRounds "7"]
[EventCountry "GER"]
[SourceTitle "EXT 2013"]
[Source "ChessBase"]
[SourceDate "2012.11.22"]
[SourceVersion "1"]
[SourceVersionDate "2012.11.22"]
[SourceQuality "1"]

1. e4 g6 2. d4 Bg7 3. Nc3 c6 4. Be3 Nf6 5. e5 Nd5 6. Nxd5 cxd5 7. Qd2 Nc6 8. Bd3 d6 9. f4 e6 10. Nf3 a6 11. 0-0 b5 12. a4 b4 13. Kh1 dxe5 14. fxe5 0-0 15. Bh6 a5 16. c3 bxc3 17. bxc3 Ba6 18. Bb5 Ne7 19. g4 Qc7 20. Qg5 Bxb5 21. axb5 f6 22. Qe3 Bxh6 23. Qxh6 Nc8 24. Ng5 Qd7 25. exf6 Nb6 26. f7+ Rxf7 27. Rxf7 1-0

[Event "GER-ch U14"]
[Site "Oberhof"]
[Date "2011.06.18"]
[Round "9"]
[White "Toews, Manuel"]
[Black "Koop, Thorben"]
[Result "1-0"]
[WhiteElo "1938"]
[BlackElo "2033"]
[PlyCount "73"]
[EventDate "2011.06.11"]
[EventType "swiss"]
[EventRounds "9"]
[EventCountry "GER"]
[SourceTitle "CBM 142 Extra"]
[Source "ChessBase"]
[SourceDate "2011.06.27"]
[SourceVersion "1"]
[SourceVersionDate "2011.06.27"]
[SourceQuality "1"]

1. e4 c5 2. Nf3 Nc6 3. d4 cxd4 4. Nxd4 e5 5. Nb5 d6 6. N1c3 a6 7. Na3 Be6 8. Nc4 Rb8 9. a4 Nf6 10. Bg5 Nd4 11. Nd5 Bxd5 12. exd5 h6 13. Bxf6 Qxf6 14. c3 Nf5 15. Bd3 Nh4 16. 0-0 Be7 17. f4 exf4 18. g3 Ng6 19. Qe2 0-0 20. Bxg6 fxg6 21. Rxf4 Qg5 22. Qe6+ Kh7 23. Raf1 Rxf4 24. Rxf4 Rf8 25. Rxf8 Bxf8 26. Nxd6 Bxd6 27. Qxd6 Qe3+ 28. Kf1 Qc1+ 29. Kg2 Qc2+ 30. Kf3 Qd3+ 31. Kf4 g5+ 32. Ke5 Qe3+ 33. Kf5 Qe2 34. Qg6+ Kh8 35. Qe6 Qf2+ 36. Kg6 Qf8 37. d6 1-0

[Event "GER-ch U14"]
[Site "Oberhof"]
[Date "2011.06.17"]
[Round "8"]
[White "Grigorian, Spartak"]
[Black "Toews, Manuel"]
[Result "0-1"]
[WhiteElo "1971"]
[BlackElo "1938"]
[PlyCount "92"]
[EventDate "2011.06.11"]
[EventType "swiss"]
[EventRounds "9"]
[EventCountry "GER"]
[SourceTitle "CBM 142 Extra"]
[Source "ChessBase"]
[SourceDate "2011.06.27"]
[SourceVersion "1"]
[SourceVersionDate "2011.06.27"]
[SourceQuality "1"]

1. d4 Nf6 2. c4 e6 3. Nc3 d5 4. Bg5 c6 5. Nf3 h6 6. Bh4 dxc4 7. e4 g5 8. Bg3 b5 9. h4 g4 10. Ne5 h5 11. Be2 b4 12. Na4 Nxe4 13. Bxc4 Nxg3 14. fxg3 Bg7 15. 0-0 Bxe5 16. dxe5 Qxd1 17. Raxd1 Nd7 18. Rfe1 Ke7 19. b3 Bb7 20. Nb2 a5 21. Na4 Rhd8 22. Rd6 Rdc8 23. Red1 Rc7 24. Kf2 Nxe5 25. Nc5 Bc8 26. Rd8 a4 27. Rh8 Ra5 28. Ne4 Nxc4 29. bxc4 Bd7 30. c5 b3 31. Nd6 Rxc5 32. Rh7 Rd5 33. Rxd5 cxd5 34. Nxf7 bxa2 35. Nh6+ Kd6 36. Nf5+ exf5 37. Rh6+ Ke5 38. Kg1 a1Q+ 39. Kh2 Qc3 40. Rb6 f4 41. gxf4+ Kxf4 42. Rb1 Qg3+ 43. Kg1 Rc2 44. Rf1+ Ke5 45. Re1+ Qxe1+ 46. Kh2 g3# 0-1

[Event "GER-ch U14"]
[Site "Oberhof"]
[Date "2011.06.14"]
[Round "5"]
[White "Toews, Manuel"]
[Black "Glatzel, Jonas"]
[Result "1-0"]
[WhiteElo "1938"]
[BlackElo "1863"]
[PlyCount "117"]
[EventDate "2011.06.11"]
[EventType "swiss"]
[EventRounds "9"]
[EventCountry "GER"]
[SourceTitle "CBM 142 Extra"]
[Source "ChessBase"]
[SourceDate "2011.06.27"]
[SourceVersion "1"]
[SourceVersionDate "2011.06.27"]
[SourceQuality "1"]

1. e4 c5 2. Nf3 Nc6 3. Bb5 Nf6 4. Nc3 Qc7 5. Bxc6 dxc6 6. d3 Bg4 7. Be3 e5 8. h3 Bh5 9. Qe2 0-0-0 10. 0-0-0 Be7 11. g4 Bg6 12. Nd2 Kb8 13. Rdf1 Bd6 14. Nc4 Nd7 15. f4 f6 16. fxe5 Bxe5 17. Nxe5 fxe5 18. h4 Rdf8 19. h5 Bf7 20. Rf2 Be6 21. Rhf1 b6 22. Bg5 Qd6 23. Kb1 Kc7 24. Nd1 Rxf2 25. Rxf2 Rf8 26. Ne3 Rxf2 27. Qxf2 Qf8 28. Qxf8 Nxf8 29. Be7 Nd7 30. Nf5 g6 31. hxg6 hxg6 32. Bd6+ Kb7 33. Ne3 Nf6 34. g5 Ng4 35. Nxg4 Bxg4 36. Bxe5 c4 37. Kc1 cxd3 38. cxd3 Kc8 39. Kd2 Kd7 40. Kc3 a6 41. Bg3 c5 42. d4 cxd4+ 43. Kxd4 Be6 44. Ke5 Ke7 45. a3 a5 46. a4 Bd7 47. Bf2 b5 48. Bc5+ Kf7 49. Kd6 Ke8 50. b4 bxa4 51. bxa5 Bb5 52. e5 Kd8 53. e6 Be8 54. a6 Kc8 55. a7 Kb7 56. Ke7 Bb5 57. Kf8 a3 58. Bxa3 Kxa7 59. e7 1-0

[Event "Stuttgart-chA int"]
[Site "Gerlingen"]
[Date "2011.06.02"]
[Round "2"]
[White "Toews, Manuel"]
[Black "Bodrozic, Tomislav"]
[Result "0-1"]
[WhiteElo "1938"]
[BlackElo "2104"]
[PlyCount "66"]
[EventDate "2011.06.02"]
[EventType "swiss"]
[EventRounds "7"]
[EventCountry "GER"]
[SourceTitle "EXT 2018"]
[Source "ChessBase"]
[SourceDate "2017.10.13"]
[SourceVersion "1"]
[SourceVersionDate "2017.10.13"]
[SourceQuality "1"]

1. e4 c5 2. Nf3 d6 3. d4 cxd4 4. Nxd4 Nf6 5. Nc3 a6 6. Bg5 Nbd7 7. f4 Qc7 8. Qf3 h6 9. Bh4 g5 10. fxg5 hxg5 11. Bxg5 Qc5 12. Bxf6 Nxf6 13. Nf5 e6 14. Ng3 Nd7 15. 0-0-0 Ne5 16. Qe2 b5 17. Qe1 Ng4 18. e5 d5 19. Be2 Nf2 20. Rf1 Nxd1 21. Qxd1 Bd7 22. Bh5 0-0-0 23. Bxf7 Qe3+ 24. Kb1 Qxe5 25. Re1 Qd6 26. Nh5 Be7 27. Ng7 b4 28. Ne2 Rh7 29. Qd4 e5 30. Qa7 Rxg7 31. Qa8+ Qb8 32. Qxd5 Qb7 33. Qc4+ Qc6 0-1

[Event "Karl Mala Memorial op 13th"]
[Site "Frankfurt"]
[Date "2010.07.17"]
[Round "3"]
[White "Solonar, Stefan"]
[Black "Toews, Manuel"]
[Result "1-0"]
[WhiteElo "2338"]
[BlackElo "1910"]
[PlyCount "91"]
[EventDate "2010.07.08"]
[EventType "swiss"]
[EventRounds "7"]
[EventCountry "GER"]
[SourceTitle "EXT 2012"]
[Source "ChessBase"]
[SourceDate "2011.11.24"]
[SourceVersion "1"]
[SourceVersionDate "2011.11.24"]
[SourceQuality "1"]

1. c4 Nf6 2. Nc3 e6 3. e4 d5 4. e5 d4 5. exf6 dxc3 6. bxc3 Qxf6 7. d4 c5 8. Nf3 h6 9. Bd3 Nc6 10. Be4 Bd7 11. 0-0 Bd6 12. Be3 cxd4 13. cxd4 0-0 14. Rb1 Rab8 15. Bc2 Nb4 16. Bb3 b6 17. a3 Nc6 18. Bc2 Bf4 19. Qd3 g6 20. Qe4 Bxe3 21. fxe3 Qf5 22. Qxf5 gxf5 23. d5 Na5 24. Ne5 Bc8 25. Rfd1 f6 26. Ng6 Rf7 27. c5 exd5 28. Rxd5 Kg7 29. Nf4 Nc4 30. Rb3 Re7 31. Kf2 Ne5 32. h3 Bd7 33. e4 Kf7 34. cxb6 Rxb6 35. Rxb6 axb6 36. exf5 Bc6 37. Rd6 Ra7 38. Bb3+ Ke7 39. Re6+ Kd7 40. Bd5 Rxa3 41. Bxc6+ Nxc6 42. Nd5 Ra2+ 43. Kg3 b5 44. Nxf6+ Kc7 45. Nd5+ Kd7 46. Rxc6 1-0

[Event "Karl Mala Memorial op 13th"]
[Site "Frankfurt"]
[Date "2010.07.11"]
[Round "6"]
[White "Toews, Manuel"]
[Black "Koestler, Peter"]
[Result "1/2-1/2"]
[WhiteElo "1910"]
[BlackElo "1822"]
[PlyCount "49"]
[EventDate "2010.07.08"]
[EventType "swiss"]
[EventRounds "7"]
[EventCountry "GER"]
[SourceTitle "EXT 2012"]
[Source "ChessBase"]
[SourceDate "2011.11.24"]
[SourceVersion "1"]
[SourceVersionDate "2011.11.24"]
[SourceQuality "1"]

1. e4 c6 2. d4 d5 3. Nc3 dxe4 4. Nxe4 Nf6 5. Nxf6+ gxf6 6. Nf3 Bf5 7. Bf4 e6 8. Bd3 Bg6 9. Qd2 Bd6 10. Bg3 Qc7 11. 0-0-0 Nd7 12. Rde1 0-0-0 13. Kb1 Kb8 14. c3 Rhe8 15. Qc2 a6 16. Bxd6 Qxd6 17. h4 Qf4 18. Be4 Qg4 19. g3 Qxf3 20. Bxf3 Bxc2+ 21. Kxc2 f5 22. Bh5 Rf8 23. Re2 Nf6 24. Bf3 Rg8 25. Ree1 1/2-1/2

[Event "Karl Mala Memorial op 13th"]
[Site "Frankfurt"]
[Date "2010.07.10"]
[Round "4"]
[White "Toews, Manuel"]
[Black "Miller, Justin"]
[Result "1-0"]
[WhiteElo "1910"]
[BlackElo "1525"]
[PlyCount "29"]
[EventDate "2010.07.08"]
[EventType "swiss"]
[EventRounds "7"]
[EventCountry "GER"]
[SourceTitle "EXT 2012"]
[Source "ChessBase"]
[SourceDate "2011.11.24"]
[SourceVersion "1"]
[SourceVersionDate "2011.11.24"]
[SourceQuality "1"]

1. e4 c6 2. d4 d5 3. Nc3 dxe4 4. Nxe4 Nd7 5. Ng5 Ngf6 6. Bd3 e6 7. N1f3 Be7 8. Qe2 0-0 9. 0-0 b6 10. Re1 Re8 11. Nxe6 fxe6 12. Qxe6+ Kh8 13. Ng5 Qc7 14. Nf7+ Kg8 15. Nh6+ 1-0

[Event "GER-ch U14 DEM"]
[Site "Oberhof"]
[Date "2010.05.29"]
[Round "9"]
[White "Buchberger, Sascha"]
[Black "Toews, Manuel"]
[Result "0-1"]
[WhiteElo "1736"]
[BlackElo "1910"]
[PlyCount "42"]
[EventDate "2010.05.23"]
[EventType "swiss"]
[EventRounds "9"]
[EventCountry "GER"]
[SourceTitle "CBM 136 Extra"]
[Source "ChessBase"]
[SourceDate "2010.07.02"]
[SourceVersion "2"]
[SourceVersionDate "2010.07.15"]
[SourceQuality "1"]

1. e4 c5 2. Nf3 d6 3. d4 cxd4 4. Nxd4 Nf6 5. Nc3 a6 6. Bg5 e6 7. f4 Be7 8. Qf3 Qc7 9. 0-0-0 Nbd7 10. Bd3 0-0 11. g4 Nc5 12. Qh3 b5 13. Rhe1 Bb7 14. e5 Nxd3+ 15. Rxd3 dxe5 16. Rxe5 b4 17. Qh4 Bg2 18. Ne4 Bxe4 19. Rxe4 Nxe4 20. Rh3 Nxg5 21. fxg5 Qf4+ 0-1

[Event "GER-ch U14 DEM"]
[Site "Oberhof"]
[Date "2010.05.28"]
[Round "8"]
[White "Toews, Manuel"]
[Black "Gibicar, Danijel"]
[Result "0-1"]
[WhiteElo "1910"]
[BlackElo "1965"]
[PlyCount "48"]
[EventDate "2010.05.23"]
[EventType "swiss"]
[EventRounds "9"]
[EventCountry "GER"]
[SourceTitle "CBM 136 Extra"]
[Source "ChessBase"]
[SourceDate "2010.07.02"]
[SourceVersion "2"]
[SourceVersionDate "2010.07.15"]
[SourceQuality "1"]

1. e4 e6 2. d4 d5 3. Nc3 Bb4 4. e5 c5 5. a3 Bxc3+ 6. bxc3 Ne7 7. Nf3 Bd7 8. Bd3 Ba4 9. Be3 Nd7 10. 0-0 Qc7 11. Qd2 c4 12. Be2 h6 13. h3 0-0-0 14. Nh2 h5 15. g4 hxg4 16. hxg4 Rh3 17. Rfc1 Rdh8 18. Nf1 Rh1+ 19. Kg2 Ng6 20. f4 Qd8 21. g5 R8h3 22. Kf2 Qh8 23. Ke1 R3h2 24. Bf2 Nh4 0-1

[Event "GER-ch U14 DEM"]
[Site "Oberhof"]
[Date "2010.05.28"]
[Round "6"]
[White "Toews, Manuel"]
[Black "Knopf, Felix"]
[Result "1-0"]
[WhiteElo "1910"]
[BlackElo "1745"]
[PlyCount "71"]
[EventDate "2010.05.23"]
[EventType "swiss"]
[EventRounds "9"]
[EventCountry "GER"]
[SourceTitle "CBM 136 Extra"]
[Source "ChessBase"]
[SourceDate "2010.07.02"]
[SourceVersion "2"]
[SourceVersionDate "2010.07.15"]
[SourceQuality "1"]

1. e4 c5 2. Nf3 d6 3. d4 cxd4 4. Nxd4 Nf6 5. Nc3 a6 6. Bg5 e6 7. f4 Be7 8. Qf3 Qc7 9. 0-0-0 Nbd7 10. g4 h6 11. Bxf6 Bxf6 12. h4 Qb6 13. Nb3 Be7 14. g5 hxg5 15. hxg5 Rxh1 16. Qxh1 Qe3+ 17. Kb1 Qxf4 18. g6 Ne5 19. gxf7+ Qxf7 20. Be2 Bd7 21. Qg1 Bc6 22. Na5 0-0-0 23. Qa7 Rd7 24. Bb5 Rc7 25. Qa8+ Kd7 26. Bxc6+ bxc6 27. Na4 d5 28. Nb6+ Kd6 29. Nb7+ Rxb7 30. Qxb7 Bd8 31. Nc8+ Kc5 32. b4+ Kc4 33. Qxa6+ Kxb4 34. c3+ Kc5 35. Qa3+ Kb5 36. Nd6+ 1-0

[Event "GER-ch U14 DEM"]
[Site "Oberhof"]
[Date "2010.05.28"]
[Round "7"]
[White "Urban, Lars"]
[Black "Toews, Manuel"]
[Result "1/2-1/2"]
[WhiteElo "1835"]
[BlackElo "1910"]
[PlyCount "41"]
[EventDate "2010.05.23"]
[EventType "swiss"]
[EventRounds "9"]
[EventCountry "GER"]
[SourceTitle "CBM 136 Extra"]
[Source "ChessBase"]
[SourceDate "2010.07.02"]
[SourceVersion "2"]
[SourceVersionDate "2010.07.15"]
[SourceQuality "1"]

1. d4 Nf6 2. c4 e6 3. Nc3 Bb4 4. Bg5 b6 5. f3 c5 6. d5 h6 7. Bh4 d6 8. e4 Bxc3+ 9. bxc3 e5 10. Bd3 Nbd7 11. Ne2 Nf8 12. 0-0 Ng6 13. Bf2 0-0 14. Be3 Nh5 15. Qc2 Nhf4 16. Nxf4 exf4 17. Bd2 Qf6 18. a4 Ne5 19. a5 Bd7 20. Rfb1 Qg5 21. Kh1 1/2-1/2

[Event "GER-ch U14 DEM"]
[Site "Oberhof"]
[Date "2010.05.24"]
[Round "2"]
[White "Wagner, Dennis"]
[Black "Toews, Manuel"]
[Result "1/2-1/2"]
[WhiteElo "2112"]
[BlackElo "1910"]
[PlyCount "61"]
[EventDate "2010.05.23"]
[EventType "swiss"]
[EventRounds "9"]
[EventCountry "GER"]
[SourceTitle "CBM 136 Extra"]
[Source "ChessBase"]
[SourceDate "2010.07.02"]
[SourceVersion "2"]
[SourceVersionDate "2010.07.15"]
[SourceQuality "1"]

1. e4 c5 2. Nc3 Nc6 3. Bb5 Nd4 4. Bc4 e6 5. Nge2 a6 6. d3 b5 7. Bb3 Nxb3 8. axb3 Nf6 9. Nxb5 Bb7 10. Nbc3 d5 11. exd5 exd5 12. d4 Bd6 13. Bf4 0-0 14. Bxd6 Qxd6 15. dxc5 Qxc5 16. Qd4 Qd6 17. 0-0 Bc8 18. Ng3 Bd7 19. Rad1 Bc6 20. Rfe1 Rfe8 21. Nce4 Nxe4 22. Rxe4 Rxe4 23. Nxe4 Qg6 24. Nc5 Qxc2 25. Re1 Re8 26. Rxe8+ Bxe8 27. h3 Bb5 28. Kh2 g6 29. Kg3 Qf5 30. b4 Qg5+ 31. Kf3 1/2-1/2

[Event "Stuttgart-chA int"]
[Site "Ditzingen"]
[Date "2010.05.15"]
[Round "6"]
[White "Jehle, Anja"]
[Black "Toews, Manuel"]
[Result "0-1"]
[WhiteElo "1953"]
[BlackElo "1910"]
[PlyCount "92"]
[EventDate "2010.05.13"]
[EventType "swiss"]
[EventRounds "7"]
[EventCountry "GER"]
[SourceTitle "EXT 2018"]
[Source "ChessBase"]
[SourceDate "2017.10.13"]
[SourceVersion "1"]
[SourceVersionDate "2017.10.13"]
[SourceQuality "1"]

1. d4 Nf6 2. c4 e6 3. Nf3 b6 4. a3 Bb7 5. Nc3 Be7 6. Bg5 0-0 7. e3 d6 8. Be2 Nbd7 9. 0-0 Ne4 10. Bxe7 Qxe7 11. Nxe4 Bxe4 12. Bd3 Bxd3 13. Qxd3 f5 14. b4 c5 15. dxc5 dxc5 16. b5 Rad8 17. Qc2 e5 18. Rfd1 e4 19. Ne1 Ne5 20. a4 Qe6 21. Rdc1 Rd7 22. a5 Rfd8 23. axb6 axb6 24. Ra2 Kf8 25. h3 Kg8 26. Qe2 Rd6 27. f4 exf3 28. gxf3 Nd3 29. Nxd3 Rxd3 30. Kf2 f4 31. exf4 Qxh3 32. Rg1 Qh2+ 33. Rg2 Qxf4 34. Ra8 Rxf3+ 35. Qxf3 Qxf3+ 36. Kxf3 Rxa8 37. Rd2 Rf8+ 38. Ke4 Rf6 39. Ke5 h5 40. Rh2 Rh6 41. Kf5 Kf7 42. Kg5 h4 43. Rf2+ Ke6 44. Re2+ Kd6 45. Kf4 h3 46. Rd2+ Ke6 0-1

[Event "Stuttgart-chA int"]
[Site "Ditzingen"]
[Date "2010.05.15"]
[Round "5"]
[White "Toews, Manuel"]
[Black "Zimmermann, Ulrich"]
[Result "0-1"]
[WhiteElo "1910"]
[BlackElo "2022"]
[PlyCount "106"]
[EventDate "2010.05.13"]
[EventType "swiss"]
[EventRounds "7"]
[EventCountry "GER"]
[SourceTitle "EXT 2018"]
[Source "ChessBase"]
[SourceDate "2017.10.13"]
[SourceVersion "1"]
[SourceVersionDate "2017.10.13"]
[SourceQuality "1"]

1. e4 Nc6 2. d4 d5 3. e5 f6 4. f4 Bf5 5. Nf3 Nh6 6. Bb5 e6 7. 0-0 Qd7 8. Nc3 a6 9. Bd3 Be7 10. a3 0-0 11. h3 Bxd3 12. Qxd3 fxe5 13. fxe5 Nf5 14. Ne2 Na5 15. Bd2 Nc4 16. Bc1 c5 17. b3 Na5 18. Bd2 Nc6 19. c3 Na5 20. g4 Nh4 21. Ng5 Ng6 22. b4 Nb3 23. Rab1 Nxd2 24. Qxd2 Nh4 25. Kh1 h6 26. Nxe6 Qxe6 27. bxc5 Qg6 28. Ng3 Bg5 29. Qe2 Rxf1+ 30. Rxf1 Rf8 31. Rxf8+ Kxf8 32. Nf5 Nxf5 33. Qf3 Bd2 34. gxf5 Qg5 35. Qxd5 Qxf5 36. Qd8+ Kf7 37. Qd5+ Kg6 38. Kg2 Be3 39. Qf3 Qg5+ 40. Qg3 Qxg3+ 41. Kxg3 Bd2 42. Kf3 Kf5 43. Ke2 Bxc3 44. Kd3 Ba5 45. Kc4 g5 46. Kd5 Bc7 47. a4 h5 48. a5 g4 49. hxg4+ hxg4 50. c6 bxc6+ 51. Kxc6 Bxa5 52. Kd7 Bb4 53. e6 Ke4 0-1

[Event "Stuttgart-chA int"]
[Site "Ditzingen"]
[Date "2010.05.14"]
[Round "3"]
[White "Toews, Manuel"]
[Black "Koerber, Thomas"]
[Result "1/2-1/2"]
[WhiteElo "1910"]
[BlackElo "2002"]
[PlyCount "36"]
[EventDate "2010.05.13"]
[EventType "swiss"]
[EventRounds "7"]
[EventCountry "GER"]
[SourceTitle "EXT 2018"]
[Source "ChessBase"]
[SourceDate "2017.10.13"]
[SourceVersion "1"]
[SourceVersionDate "2017.10.13"]
[SourceQuality "1"]

1. e4 c5 2. Nf3 d6 3. d4 cxd4 4. Nxd4 Nf6 5. Nc3 e6 6. Be3 a6 7. f3 Qc7 8. Qd2 Nc6 9. 0-0-0 b5 10. g4 h6 11. Nxc6 Qxc6 12. e5 b4 13. Ne4 Nxe4 14. fxe4 Bd7 15. exd6 Rc8 16. Bg2 e5 17. Kb1 Bxg4 18. Qd5 Bxd1 1/2-1/2